• 首页
  • 本馆介绍
  • 公告通知
  • 最新文献
  • 馆藏检索
  • 电子资源
  • 读者导购
  • 参考咨询
  • 我的图书馆
  • 登录
  • 详细信息显示
  • 放入我的书架
  • 预约/预借图书
  • 作者相关作品
  • 分类相关作品
  • 丛书相关作品
  • 出版社相关作品

书目信息

  • 表格格式
  • 工作单格式
  • 卡片格式
题名:
密码编码学与网络安全
    
 
作者: 斯托林斯 著 ;唐明 , 李莉 , 杜瑞颖 译
分册:  
出版信息: 北京   电子工业出版社  2015
页数: 556页
开本: 27cm
丛书名:
单 册:
中图分类: TP309.7 , TP393.08
科图分类:
主题词: 电子计算机--教材--密码术 , 计算机网络--教材--安全技术
电子资源:
ISBN: 978-7-121-24667-8
000 01415nam0 2200325 450
001 524
005 20160905154233.68
010    @a978-7-121-24667-8@dCNY79.00
100    @a20150407d2015 em y0chiy50 ea
101 1  @achi@ceng
102    @aCN@b110000
105    @aa z 001yy
200 1  @a密码编码学与网络安全@9mi ma bian ma xue yu wang luo an quan@dCryptography and network security@e原理与实践@eprinciples and practice@zeng@f(美)William Stallings著@g唐明,李莉,杜瑞颖等译
205    @a4版
210    @a北京@c电子工业出版社@d2015
215    @a556页@c图@d27cm
300    @a国外计算机科学教材系列
305    @a由Pearson Education授权,据原岀第6版译出
330    @a本书系统介绍了密码编码学与网络安全的基本原理和应用技术。全书的内容分为以下七个部分:对称密码;公钥密码;密码学中的数据完整性算法;相互信任;网络安全和Internet安全和安全协议为网络和Internet提供安全,系统安全;法律与道德问题。
510 1  @aCryptography and network security@eprinciples and practice@zeng
606 0  @a电子计算机@j教材@x密码术
606 0  @a计算机网络@j教材@x安全技术
690    @aTP309.7@v5
690    @aTP393.08@v5
701  0 @a斯托林斯@9si tuo lin si@c(Stallings, William)@c(美)@4著
702  0 @a唐明@9tang ming@c(女,@f1976~)@4译
702  0 @a李莉@9li li@c(女,@f1976~)@4译
702  0 @a杜瑞颖@9du rui ying@c(女,@f1964~)@4译
801  0 @aCN@b唐山师范学院图书馆@c20160722
905    @aZUCC@dTP309.7@e623=4
    
    密码编码学与网络安全=Cryptography and network security:原理与实践:principles and practice/(美)William Stallings著/唐明,李莉,杜瑞颖等译.-4版.-北京:电子工业出版社,2015
    556页:图;27cm
    国外计算机科学教材系列
    
    ISBN 978-7-121-24667-8:CNY79.00
    本书系统介绍了密码编码学与网络安全的基本原理和应用技术。全书的内容分为以下七个部分:对称密码;公钥密码;密码学中的数据完整性算法;相互信任;网络安全和Internet安全和安全协议为网络和Internet提供安全,系统安全;法律与道德问题。
●
相关链接 在E读中查询图书 在五车中查询图书 在当当中查询图书 在豆瓣中查询图书


正题名:密码编码学与网络安全     索取号:TP309.7/623=4         预约/预借

序号 登录号 条形码 馆藏地/架位号 状态 备注
1 902228   209022289   第二样本阅览室/ [索取号:TP309.7/623=4] 在馆    
2 902229   209022298   密集书库—计算机科学学院/ [索取号:TP309.7/623=4] 在馆    
3 902230   209022305   第三借阅区/ [索取号:TP309.7/623=4] 在馆    
4 902231   209022314   第三借阅区/ [索取号:TP309.7/623=4] 在馆    
5 902232   209022323   第三借阅区/ [索取号:TP309.7/623=4] 在馆    
唐山师范学院图书馆 欢迎您!
大连网信软件有限公司© 版权所有